Gestión del Ayuntamiento de Irún (Record no. 111016)

MARC details
000 -LEADER
campo de control de longitud fija 00580nam a2200169 4500
001 - NÚMERO DE CONTROL
campo de control 111016
003 - IDENTIFICADOR DE NÚMERO DE CONTROL
campo de control ES-MaACL
005 - FECHA Y HORA DE LA ÚLTIMA TRANSACCIÓN
campo de control 20230906185226.0
007 - CAMPO FIJO DE DESCRIPCIÓN FÍSICA--INFORMACIÓN GENERAL
campo de control de longitud fija t|
008 - DATOS DE LONGITUD FIJA--INFORMACIÓN GENERAL
campo de control de longitud fija 061121s1960 sp r ||||1| spa d
100 1# - ENTRADA PRINCIPAL--NOMBRE DE PERSONA
Nombre de persona Navas, Emilio.
9 (RLIN) 85199
245 10 - MENCIÓN DEL TÍTULO
Título Gestión del Ayuntamiento de Irún
Resto del título : (índice de los acuerdos adoptados en el período de 1946 a 1958) /
Mención de responsabilidad, etc. Emilio Navas.
260 ## - PUBLICACIÓN, DISTRIBUCIÓN, ETC.
Lugar de publicación, distribución, etc. Irún :
Nombre del editor, distribuidor, etc. [s. n.],
Fecha de publicación, distribución, etc. 1960 (
Fabricante Gráf. San Marcial)
300 ## - DESCRIPCIÓN FÍSICA
Extensión 681 p., 12 lám. ;
Dimensiones 27 cm +
Material acompañante/anejo 2 pleg.
710 2# - ENTRADA AGREGADA--NOMBRE DE ENTIDAD CORPORATIVA
Nombre de entidad corporativa o nombre de jurisdicción como elemento de entrada Irún.
Unidad subordinada Ayuntamiento.
9 (RLIN) 5288
852 ## - LOCALIZACIÓN
Ubicación ES-MaACL
Número de control de estantería C-18209
Sublocalización o colección R.46379
Holdings
Estatus retirado Estado de pérdida Estado de daño No para préstamo Biblioteca de origen Biblioteca actual Ubicación en estantería Fecha de adquisición Fuente de adquisición Total de préstamos Signatura topográfica completa Código de barras Visto por última vez Precio de reemplazo Tipo de ítem Koha
        Biblioteca del Ateneo de Madrid Biblioteca del Ateneo de Madrid Galería 17/01/2008     C-18209 1115828 23/02/2023 23/02/2023 Libro impreso